000 00491nam a2200181 a 4500
001 10603
003 CO-ViMGA
008 141112s2004 ck r 000 u spa d
020 _a9800104399
040 _aCO-ViMGA
_bspa
_cCO-ViMGA
082 0 4 _a987 U75m
100 1 _aUslar Pietri ; Arturo, Subero Efrain,
_914413
245 1 0 _aMedio Milenio de Venezuela
260 _aCaracas :
_bMonte Avila Editores,
_c1986
300 _a622p.
650 1 4 _aVENEZUELA - HISTORIA
_914414
942 _2ddc
_cBK
999 _c21911
_d21911